Foundations of Advertising : Theory & Practice (Record no. 11140)

MARC details
000 -LEADER
fixed length control field 00527nam a22001817a 4500
003 - CONTROL NUMBER IDENTIFIER
control field OSt
008 - FIXED-LENGTH DATA ELEMENTS--GENERAL INFORMATION
fixed length control field 220413b ||||| |||| 00| 0 eng d
020 ## - INTERNATIONAL STANDARD BOOK NUMBER
International Standard Book Number 9789352994076
082 ## - DEWEY DECIMAL CLASSIFICATION NUMBER
Classification number 669.1 CHF
100 ## - MAIN ENTRY--PERSONAL NAME
Personal name CHUNAWALLA, S.A.
245 ## - TITLE STATEMENT
Title Foundations of Advertising : Theory & Practice
250 ## - EDITION STATEMENT
Edition statement 9th Revised Edtition
260 ## - PUBLICATION, DISTRIBUTION, ETC. (IMPRINT)
Place of publication, distribution, etc New Delhi
Name of publisher, distributor, etc Himalaya Publishing House
Date of publication, distribution, etc 2019
300 ## - PHYSICAL DESCRIPTION
Extent 600
650 ## - SUBJECT ADDED ENTRY--TOPICAL TERM
Topical term or geographic name as entry element Foundations of Advertising : theory & Practice (B.COM) Commerce
700 ## - ADDED ENTRY--PERSONAL NAME
Personal name SETHIA, K.C.
942 ## - ADDED ENTRY ELEMENTS (KOHA)
Source of classification or shelving scheme Dewey Decimal Classification
Koha item type Text Books
Holdings
Withdrawn status Lost status Source of classification or shelving scheme Damaged status Not for loan Collection code Home library Current library Date acquired Source of acquisition Currency Cost, normal purchase price Bill Number Total Checkouts Full call number Acc. no. / Barcode Date last seen Actual Cost, discounted price Bill Date Koha item type
    Dewey Decimal Classification     B.Com PIET NCR College Library PIET NCR College Library 01/04/2022 Kirti Prakashan Indian Rup 798.00 IN5   669.1 CHF N2203 13/04/2022 598.50 01/04/2022 Text Books
    Dewey Decimal Classification     B.Com PIET NCR College Library PIET NCR College Library 01/04/2022 Kirti Prakashan Indian Rup 798.00 IN5   669.1 CHF N2204 13/04/2022 598.50 01/04/2022 Text Books
    Dewey Decimal Classification     B.Com PIET NCR College Library PIET NCR College Library 01/04/2022 Kirti Prakashan Indian Rup 798.00 IN5   669.1 CHF N2205 13/04/2022 598.50 01/04/2022 Text Books

Design & Developed by: PIET Central Library
R70 Miles Stone Pattikalyana Samalkha Panipat 132102
mail ID :- [email protected], Phone No:- 0180-2569700 Ex.216